00826nam a2200217 a 450000100060000000300080000600500170001400800410003102000140007203500190008604000350010504100080014008200260014810000760017424500880025024600200033826001420035830000460050065000420054665000200058865224BD-RjUL20211209081411.0170301s1961 bg |||| |||| 000 0 ben d c: Tk.4.00 a(BD-RjUL)65354 aBD-RjULbbencBD-RjULdBD-RjUL aben 223a891.443bBAK 196110aবন্দোপাধ্যায়, তারাশঙ্কর10aকবি /cতারাশঙ্কর বন্দোপাধ্যায় b১ম সং.  aঢাকা :bস্ট্যান্ডার্ড পাবলিশার্সলিমিটেড,c১৯৬১ [১৩৬৮] a১৯৮ পৃ. ;c২১ সেমি. aবাংলা উপন্যাস aBengali Fiction